[Event "ROM GP Final GpB"]
[Site "Alba Iulia"]
[Date "2023.12.04"]
[Round "6"]
[White "Gavrilescu, David"]
[Black "Obada, Ema"]
[Result "1-0"]
[WhiteElo "2523"]
[BlackElo "1969"]
[PlyCount "55"]
[EventDate "2023.12.04"]
[EventType "tourn (rapid)"]
[EventRounds "6"]
[EventCountry "ROU"]
[EventCategory "5"]
[SourceTitle "CB49_2023"]
[SourceDate "2023.12.06"]
[SourceVersion "1"]
[SourceVersionDate "2023.12.06"]
[SourceQuality "1"]

1. e4 e6 2. d4 d5 3. e5 c5 4. c3 Nc6 5. Nf3 Qb6 6. Bd3 cxd4 7. 0-0 Bd7 8. Re1 Nge7 9. h4 a6 10. h5 g6 11. Nbd2 gxh5 12. cxd4 Nxd4 13. Nxd4 Qxd4 14. Nb3 Qg4 15. Be2 Qg7 16. Bxh5 Rg8 17. g3 Nf5 18. Bf4 Be7 19. Nd4 Nxd4 20. Qxd4 Bc6 21. Rac1 Bg5 22. Rc3 Qh6 23. Bxg5 Qxg5 24. Bd1 Kf8 25. Kg2 Kg7 26. Rh1 Raf8 27. f4 Qg6 28. Bc2 1-0

[Event "Wch U18 Girls"]
[Site "Montesilvano"]
[Date "2023.11.20"]
[Round "7"]
[White "Obada, Ema"]
[Black "Sasvatha, A."]
[Result "1-0"]
[WhiteElo "2023"]
[BlackElo "1568"]
[PlyCount "121"]
[EventDate "2023.11.13"]
[EventType "swiss"]
[EventRounds "11"]
[EventCountry "ITA"]
[SourceTitle "CB48_2023"]
[SourceDate "2023.11.29"]
[SourceVersion "1"]
[SourceVersionDate "2023.11.29"]
[SourceQuality "1"]

1. e4 c6 2. d4 d5 3. exd5 cxd5 4. Bd3 Nc6 5. c3 Nf6 6. Bf4 g6 7. Nf3 Bf5 8. Bxf5 gxf5 9. Nbd2 Rg8 10. 0-0 e6 11. Qb3 Qd7 12. Ne5 Nxe5 13. Bxe5 Ne4 14. Nxe4 fxe4 15. c4 dxc4 16. Qxc4 Bg7 17. Rad1 Rd8 18. Bg3 Qd5 19. Qa4+ b5 20. Qxa7 Bxd4 21. Qc7 Qd7 22. Qc2 Qb7 23. Kh1 f5 24. f3 e3 25. Qd3 Rd5 26. Bf4 Qa7 27. Qe2 Kf7 28. Rc1 e5 29. Bg3 f4 30. Bh4 Rg6 31. Qd3 Qd7 32. Qb3 Rh6 33. g3 Kg7 34. Bg5 Rg6 35. gxf4 exf4 36. Bxf4 e2 37. Rfe1 Bb6 38. Rxe2 Rd3 39. Be5+ Kh6 40. Bf4+ Kg7 41. Re7+ Qxe7 42. Qxd3 Re6 43. Bg3 b4 44. Rc4 Rg6 45. Re4 Qc7 46. Rxb4 Qc5 47. Qd7+ Kg8 48. Qe8+ Kg7 49. Qe5+ Qxe5 50. Bxe5+ Kf7 51. Bg3 Rc6 52. Kg2 Rc2+ 53. Kh3 Bd8 54. Be5 Ke6 55. f4 Kf5 56. Rb8 Be7 57. Rb7 Ke6 58. a4 h5 59. a5 Bc5 60. Rc7 Kd5 61. b4 1-0

[Event "Wch U18 Girls"]
[Site "Montesilvano"]
[Date "2023.11.13"]
[Round "1"]
[White "Ajradinoska, Indzi"]
[Black "Obada, Ema"]
[Result "1/2-1/2"]
[WhiteElo "1594"]
[BlackElo "2023"]
[PlyCount "121"]
[EventDate "2023.11.13"]
[EventType "swiss"]
[EventRounds "11"]
[EventCountry "ITA"]
[SourceTitle "CB48_2023"]
[SourceDate "2023.11.29"]
[SourceVersion "1"]
[SourceVersionDate "2023.11.29"]
[SourceQuality "1"]

1. d4 Nf6 2. Nf3 e6 3. e3 c5 4. b3 b6 5. Bb2 Bb7 6. Nbd2 Be7 7. Bd3 d6 8. 0-0 Nbd7 9. Re1 0-0 10. Rc1 Rc8 11. Qe2 Qc7 12. c3 d5 13. e4 dxe4 14. Nxe4 Nxe4 15. Bxe4 Bxe4 16. Qxe4 c4 17. d5 Nf6 18. Qxc4 Qb7 19. Qe2 Qxd5 20. c4 Qh5 21. h3 Rfd8 22. Rcd1 h6 23. Rxd8+ Rxd8 24. Rd1 Rc8 25. Bxf6 Bxf6 26. Rd7 Qa5 27. Qd2 Bc3 28. Rd8+ Rxd8 29. Qxd8+ Kh7 30. Qd3+ g6 31. Nh2 Bb2 32. Qb1 Bf6 33. Ng4 Bg7 34. Ne3 h5 35. Nf1 Bd4 36. Qc2 Kg7 37. Nd2 Bf6 38. Nf3 Kf8 39. Nd2 Ke7 40. Nf3 Ke8 41. Nd2 Qe5 42. Nf3 Qa1+ 43. Kh2 Kf8 44. Qd2 Kg7 45. Qc2 Bb2 46. a4 Ba3 47. Qd2 Bb2 48. Qc2 Bf6 49. c5 bxc5 50. Qxc5 a6 51. Qa5 Qf1 52. Qd2 Qb1 53. Qe3 Qc2 54. Nd4 Qb2 55. Nf3 Bc3 56. Qa7 Qxb3 57. Qxa6 Qb4 58. Qb5 Qf4+ 59. Kg1 Qc1+ 60. Kh2 Qf4+ 61. Kg1 1/2-1/2

[Event "Brasov GP RO"]
[Site "Brasov"]
[Date "2023.07.17"]
[Round "2"]
[White "Gavrilescu, David"]
[Black "Obada, Ema"]
[Result "1-0"]
[WhiteElo "2524"]
[BlackElo "2042"]
[PlyCount "55"]
[EventDate "2023.07.16"]
[EventType "swiss"]
[EventRounds "9"]
[EventCountry "ROU"]
[SourceTitle "CBM 215 Extra"]
[Source "ChessBase"]
[SourceDate "2023.09.30"]
[SourceVersion "1"]
[SourceVersionDate "2023.09.30"]
[SourceQuality "1"]

1. e4 c6 2. d4 d5 3. e5 c5 4. c3 cxd4 5. cxd4 Nc6 6. Ne2 Bf5 7. Ng3 Bg6 8. Nc3 e6 9. h4 h5 10. Be3 Qb6 11. Bd3 Qxb2 12. Rc1 Bxd3 13. Qxd3 Qa3 14. 0-0 Nh6 15. Qe2 g6 16. Bg5 a6 17. Nge4 Be7 18. Nf6+ Kf8 19. Qd2 Nf5 20. Ne2 Kg7 21. Rb1 b5 22. Kh2 Rac8 23. Rbd1 Nb4 24. Ng3 Rc2 25. Qf4 Bd8 26. Nfxh5+ gxh5 27. Bxd8 Nc6 28. Bf6+ 1-0

[Event "Bucharest Grand Prix"]
[Site "Bucharest"]
[Date "2023.04.30"]
[Round "9"]
[White "Cosma, Elena Luminita"]
[Black "Obada, Ema"]
[Result "0-1"]
[WhiteElo "2222"]
[BlackElo "2076"]
[PlyCount "73"]
[EventDate "2023.04.29"]
[EventType "swiss (rapid)"]
[EventRounds "10"]
[EventCountry "ROU"]
[SourceTitle "CBM 213 Extra"]
[Source "ChessBase"]
[SourceDate "2023.05.31"]
[SourceVersion "1"]
[SourceVersionDate "2023.05.31"]
[SourceQuality "1"]

1. Nf3 Nf6 2. g3 e6 3. Bg2 d5 4. d4 b5 5. 0-0 Be7 6. c3 0-0 7. Bg5 Nbd7 8. a4 b4 9. cxb4 Bxb4 10. Ne5 c5 11. e4 cxd4 12. Nxd7 Bxd7 13. e5 h6 14. exf6 hxg5 15. Qxd4 Qb6 16. Qe5 Rfc8 17. Qxg5 Bf8 18. fxg7 Bxg7 19. Ra3 Qxb2 20. Rf3 Qe5 21. Qe7 Be8 22. Nd2 Rc7 23. Qb4 a5 24. Qb6 Rc2 25. Nb3 Qb2 26. Qb7 Rac8 27. Qa6 Bxa4 28. Nxa5 Bb5 29. Qb7 R2c7 30. Qb6 Bd4 31. Qd6 Bxf1 32. Bxf1 Be5 33. Qa6 Rc3 34. Re3 Bd4 35. Re2 Rc2 36. Rxc2 Rxc2 37. Nc6 0-1

[Event "Bucharest Grand Prix"]
[Site "Bucharest"]
[Date "2023.04.30"]
[Round "5"]
[White "Sidhant, Mohapatra"]
[Black "Obada, Ema"]
[Result "1/2-1/2"]
[WhiteElo "2376"]
[BlackElo "2076"]
[PlyCount "79"]
[EventDate "2023.04.29"]
[EventType "swiss (rapid)"]
[EventRounds "10"]
[EventCountry "ROU"]
[SourceTitle "CBM 213 Extra"]
[Source "ChessBase"]
[SourceDate "2023.05.31"]
[SourceVersion "1"]
[SourceVersionDate "2023.05.31"]
[SourceQuality "1"]

1. d4 Nf6 2. g3 e6 3. Bg2 d5 4. Nf3 b5 5. 0-0 Be7 6. a4 b4 7. c4 bxc3 8. bxc3 0-0 9. c4 c5 10. Nc3 Bb7 11. Rb1 Qc8 12. Qb3 Bc6 13. dxc5 Nbd7 14. Nd4 Nxc5 15. Qa2 Nce4 16. Nxe4 dxe4 17. Qc2 Bb7 18. Bg5 Rb8 19. Bxf6 Bxf6 20. Nb5 Qc5 21. Rb3 a6 22. Na3 Bc6 23. Rxb8 Rxb8 24. Rb1 Rd8 25. Qb3 g6 26. Nc2 Rd2 27. e3 Rd3 28. Qb8+ Kg7 29. Nb4 Rd2 30. Nxc6 Qxc6 31. Qb4 Rc2 32. Bf1 Ra2 33. a5 Qc7 34. c5 Rc2 35. Bxa6 Rxc5 36. Bb5 Bc3 37. Qxe4 Qxa5 38. Be2 Bf6 39. Kg2 Qa2 40. Bf3 1/2-1/2

[Event "EU-ch Cities&Town (Women) op"]
[Site "Tornelo INT"]
[Date "2023.01.29"]
[Round "?"]
[White "Obada, Ema"]
[Black "Urh, Zala"]
[Result "0-1"]
[WhiteElo "2106"]
[BlackElo "2282"]
[PlyCount "178"]
[EventDate "2023.01.29"]
[EventType "team-swiss"]
[EventRounds "9"]
[EventCountry "NET"]
[SourceTitle "CBM 212 Extra"]
[Source "ChessBase"]
[SourceDate "2023.03.31"]
[SourceVersion "1"]
[SourceVersionDate "2023.03.31"]
[SourceQuality "1"]
[WhiteTeam "Iasi"]
[BlackTeam "Ljubljana (W)"]
[WhiteTeamCountry "ROU"]
[BlackTeamCountry "SLO"]

1. e4 c5 2. Nf3 Nc6 3. Bb5 e5 4. 0-0 Bd6 5. c3 a6 6. Ba4 b5 7. Bc2 Nf6 8. d4 cxd4 9. cxd4 exd4 10. e5 Bxe5 11. Nxe5 Nxe5 12. Re1 d6 13. f4 Nfg4 14. fxe5 Qh4 15. exd6+ Kf8 16. h3 Qf2+ 17. Kh1 Bb7 18. Be4 Qh4 19. Bxb7 Nf2+ 20. Kg1 Nxd1 21. Rxd1 Rd8 22. Nd2 Rxd6 23. Nf3 Qd8 24. Bf4 Rd7 25. Bc6 d3 26. Bxd7 Qxd7 27. Kh2 f6 28. Rac1 h5 29. Rc7 Qf5 30. Bg3 Kg8 31. Nd4 Qe4 32. Nf3 Rh6 33. Rd7 Rg6 34. R1xd3 Qe2 35. Rd2 Qe4 36. Rd8+ Kh7 37. R8d4 Qe3 38. R4d3 Qe4 39. Nh4 Rg5 40. Nf3 Rc5 41. Rd7 Rc1 42. R7d5 Qb1 43. Bf4 Rh1+ 44. Kg3 h4+ 45. Kxh4 g5+ 46. Bxg5 fxg5+ 47. Nxg5+ Kg6 48. Rd6+ Kf5 49. R2d5+ Kf4 50. Rd4+ Ke3 51. Re4+ Kf2 52. Rd2+ Kf1 53. Rf4+ Ke1 54. Nf3+ Kf1 55. Rf2+ Kxf2 56. Nd2+ Ke3 57. Nxb1 Kxf4 58. Nd2 Rd1 59. Nf3 Rb1 60. b3 Rb2 61. Nd4 Rxa2 62. g4 Rd2 63. Ne6+ Ke5 64. Nc5 a5 65. g5 Rd5 66. Na6 Rd4+ 67. Kh5 Rd3 68. g6 Rxb3 69. g7 Rxh3+ 70. Kg6 Rg3+ 71. Kf7 b4 72. Nc5 Kd5 73. Nd3 b3 74. Nf4+ Ke4 75. Ng6 b2 76. g8Q b1Q 77. Qe8+ Kd3 78. Qd7+ Ke2 79. Qe6+ Re3 80. Qc4+ Qd3 81. Qa2+ Qd2 82. Qc4+ Ke1 83. Kg7 Qd7+ 84. Kh6 Rh3+ 85. Kg5 Qd8+ 86. Kf5 Rf3+ 87. Kg4 Re3 88. Qc1+ Qd1+ 89. Qxd1+ Kxd1 0-1

[Event "EU-ch Cities&Town (Women) op"]
[Site "Tornelo INT"]
[Date "2023.01.29"]
[Round "?"]
[White "Paja, Valdete"]
[Black "Obada, Ema"]
[Result "0-1"]
[WhiteElo "1257"]
[BlackElo "2106"]
[PlyCount "54"]
[EventDate "2023.01.29"]
[EventType "team-swiss"]
[EventRounds "9"]
[EventCountry "NET"]
[SourceTitle "CBM 212 Extra"]
[Source "ChessBase"]
[SourceDate "2023.03.31"]
[SourceVersion "1"]
[SourceVersionDate "2023.03.31"]
[SourceQuality "1"]
[WhiteTeam "Durres Teuta"]
[BlackTeam "Iasi"]
[WhiteTeamCountry "ALB"]
[BlackTeamCountry "ROU"]

1. Nf3 Nf6 2. h3 d5 3. d3 c5 4. a3 Nc6 5. b3 e5 6. Bb2 Bd6 7. Nbd2 0-0 8. c3 h6 9. e4 Re8 10. exd5 Nxd5 11. c4 Nf4 12. Ne4 Bf8 13. Qd2 Qb6 14. Qc3 f5 15. Ned2 e4 16. dxe4 fxe4 17. Nh2 Nd4 18. 0-0-0 Nfe2+ 19. Bxe2 Nxe2+ 20. Kc2 Nxc3 21. Bxc3 Bf5 22. Kb2 e3 23. fxe3 Rxe3 24. Rhe1 Rae8 25. Rxe3 Rxe3 26. Nhf1 Rxc3 27. Kxc3 Qf6# 0-1

[Event "Sharjah Cup (Women) 12th"]
[Site "Sharjah"]
[Date "2022.12.14"]
[Round "7"]
[White "Obada, Ema"]
[Black "Novikova, Margarita"]
[Result "1/2-1/2"]
[WhiteElo "2002"]
[BlackElo "1982"]
[PlyCount "38"]
[EventDate "2022.12.09"]
[EventType "swiss"]
[EventRounds "9"]
[EventCountry "UAE"]
[SourceTitle "CBM 211 Extra"]
[Source "ChessBase"]
[SourceDate "2023.01.31"]
[SourceVersion "1"]
[SourceVersionDate "2023.01.31"]
[SourceQuality "1"]

1. e4 e5 2. Nf3 Nc6 3. Bc4 Bc5 4. c3 Nf6 5. d3 d6 6. 0-0 0-0 7. Nbd2 a5 8. h3 Be6 9. Re1 h6 10. Bb3 Qd7 11. Nf1 Bxb3 12. Qxb3 Rfe8 13. Be3 a4 14. Qc2 Bxe3 15. Nxe3 d5 16. exd5 Nxd5 17. Ng4 Qd6 18. Rad1 h5 19. Ne3 Nxe3 1/2-1/2